[Event "RA Spring op"]
[Site "Ottawa CAN"]
[Date "1998.03.14"]
[Round "3"]
[White "Haukenfrers, Dale"]
[Black "Pacey, Kevin"]
[Result "0-1"]
[WhiteElo "2079"]
[BlackElo "2304"]
[PlyCount "46"]
[GameId "2160767911873767"]
[EventDate "1998.03.14"]
[EventType "swiss"]
[EventRounds "5"]
[EventCountry "CAN"]

1. e4 Nc6 2. d4 d5 3. Nc3 e5 4. Bb5 dxe4 5. d5 a6 6. Ba4 b5 7. Nxb5 axb5 8. Bxb5 Nge7 9. Bg5 f6 10. Bxf6 gxf6 11. Qh5+ Ng6 12. Bxc6+ Bd7 13. Ne2 Bxc6 14. dxc6 Qd5 15. O-O Qxc6 16. f4 exf3 17. Rxf3 Bc5+ 18. Kh1 O-O 19. Ng3 Kh8 20. Nf5 Nf4 21. Qh6 Rg8 22. Nh4 Bf8 23. Qxf6+ Qxf6 0-1

[Event "RA Spring op"]
[Site "Ottawa CAN"]
[Date "1998.03.14"]
[Round "3"]
[White "Serdula, Jay"]
[Black "Cohen, David"]
[Result "0-1"]
[WhiteElo "1904"]
[BlackElo "2026"]
[PlyCount "56"]
[GameId "2160767911873768"]
[EventDate "1998.03.14"]
[EventType "swiss"]
[EventRounds "5"]
[EventCountry "CAN"]

1. f4 d5 2. Nf3 Bf5 3. c4 dxc4 4. Nc3 Nf6 5. Qa4+ Qd7 6. Qxc4 Nc6 7. Ng5 e6 8. e4 Bg6 9. Be2 b6 10. f5 exf5 11. exf5 Bxf5 12. Nxf7 Be6 13. Qb5 Kxf7 14. Bf3 Nd4 15. Qxd7+ Bxd7 16. Bxa8 Nc2+ 17. Kd1 Nxa1 18. d3 Bd6 19. Bf3 Re8 20. Bg5 Bf5 21. Kd2 h6 22. Bxf6 Bf4+ 23. Kd1 Bxd3 24. Be2 Bxe2+ 25. Nxe2 Be3 26. Bc3 Rd8+ 27. Ke1 Nc2+ 28. Kf1 Rd1+ 0-1

[Event "RA Spring op"]
[Site "Ottawa CAN"]
[Date "1998.03.15"]
[Round "4"]
[White "Cote, Jacques"]
[Black "Pacey, Kevin"]
[Result "1/2-1/2"]
[WhiteElo "2290"]
[BlackElo "2304"]
[PlyCount "82"]
[GameId "2160767911873769"]
[EventDate "1998.03.14"]
[EventType "swiss"]
[EventRounds "5"]
[EventCountry "CAN"]

1. e4 c5 2. Nf3 d6 3. d4 cxd4 4. Nxd4 Nf6 5. Nc3 g6 6. Be3 Bg7 7. f3 O-O 8. Qd2 Nc6 9. O-O-O Be6 10. g4 Nxd4 11. Bxd4 Qa5 12. Kb1 Rfc8 13. a3 Rab8 14. h4 b5 15. Nd5 Qxd2 16. Rxd2 Nxd5 17. exd5 Bxd4 18. Rxd4 Bd7 19. Bd3 Re8 20. Re1 Kf8 21. h5 Rbc8 22. g5 Rc5 23. b4 Rc7 24. hxg6 fxg6 25. Rh4 Kg7 26. Reh1 Rh8 27. Rh6 Rcc8 28. Re1 Rce8 29. Kb2 Rhf8 30. Reh1 Rh8 31. Re1 Rhf8 32. Reh1 Rh8 33. f4 Ref8 34. Re1 Rf7 35. Reh1 Rxf4 36. Bxg6 Rg4 37. Bd3 Rxg5 38. Rxh7+ Rxh7 39. Rxh7+ Kf6 40. Rh6+ Kg7 41. Rh7+ Kf6 1/2-1/2

[Event "RA Spring op"]
[Site "Ottawa CAN"]
[Date "1998.03.15"]
[Round "4"]
[White "Veltmann, Alfred"]
[Black "Kirby, Patrick"]
[Result "1/2-1/2"]
[WhiteElo "1999"]
[BlackElo "2048"]
[PlyCount "37"]
[GameId "2160767911873770"]
[EventDate "1998.03.14"]
[EventType "swiss"]
[EventRounds "5"]
[EventCountry "CAN"]

1. e4 c5 2. Nc3 e6 3. Nf3 a6 4. d4 cxd4 5. Nxd4 b5 6. a3 Qc7 7. Be3 Nf6 8. Be2 Bb7 9. f3 Nc6 10. Nxc6 dxc6 11. O-O c5 12. b3 Bd6 13. g3 h5 14. Bxb5+ Kf8 15. Bd3 Bxg3 16. hxg3 Qxg3+ 17. Kh1 Qh3+ 18. Kg1 Qg3+ 19. Kh1 1/2-1/2

[Event "RA Spring op"]
[Site "Ottawa CAN"]
[Date "1998.03.15"]
[Round "5"]
[White "Mogilevsky, Olga"]
[Black "Veltmann, Alfred"]
[Result "1/2-1/2"]
[WhiteElo "1999"]
[BlackElo "1631"]
[PlyCount "72"]
[GameId "2160767911873771"]
[EventDate "1998.03.14"]
[EventType "swiss"]
[EventRounds "5"]
[EventCountry "CAN"]

1. e4 e5 2. Nf3 Nc6 3. Nc3 Nf6 4. Bb5 d6 5. d3 Bd7 6. O-O g6 7. h3 a6 8. Ba4 Bg7 9. Be3 O-O 10. Qd2 Qc8 11. Rad1 Nd8 12. Bxd7 Nxd7 13. Bh6 Ne6 14. Bxg7 Kxg7 15. d4 f6 16. Nd5 Rf7 17. c3 Qd8 18. Rfe1 Rc8 19. Nh2 f5 20. exf5 Rxf5 21. Ne3 Rf7 22. Neg4 Qg5 23. Qxg5 Nxg5 24. dxe5 dxe5 25. Nxe5 Nxe5 26. Rxe5 h6 27. Ng4 Nh7 28. Kf1 h5 29. Nh2 Rcf8 30. Rd2 Rf5 31. Nf3 Rxe5 32. Nxe5 Nf6 33. f3 Re8 34. Nc4 b6 35. Kf2 Re7 36. Ne3 Kf7 1/2-1/2

[Event "RA Spring op"]
[Site "Ottawa CAN"]
[Date "1998.03.15"]
[Round "5"]
[White "Pacey, Kevin"]
[Black "Collins, Chris"]
[Result "1/2-1/2"]
[WhiteElo "2304"]
[BlackElo "2093"]
[PlyCount "122"]
[GameId "2160767911873772"]
[EventDate "1998.03.14"]
[EventType "swiss"]
[EventRounds "5"]
[EventCountry "CAN"]

1. d4 Nf6 2. Nc3 d5 3. Bg5 e6 4. e4 dxe4 5. Nxe4 Be7 6. Bxf6 Bxf6 7. Nf3 O-O 8. Qd2 b6 9. O-O-O Bb7 10. Qf4 Bxe4 11. Qxe4 Qd5 12. Bd3 g6 13. c4 Qxe4 14. Bxe4 c6 15. Ne5 Bxe5 16. dxe5 Rc8 17. Rd6 Kf8 18. h4 Ke7 19. h5 Nd7 20. f4 Rc7 21. Rhd1 Rac8 22. g4 g5 23. fxg5 Nxe5 24. Bxh7 Nxc4 25. R6d4 Ne3 26. R1d3 Nd5 27. g6 fxg6 28. Bxg6 Kf6 29. Rf3+ Kg5 30. Re4 Re7 31. Rf1 Rd8 32. Kb1 Rg8 33. a3 c5 34. Rfe1 Rd8 35. Rxe6 Rxe6 36. Rxe6 Nf4 37. Re8 Rd6 38. Bf5 Nxh5 39. Bc8 Nf6 40. Re7 a5 41. Re5+ Kf4 42. Rf5+ Ke4 43. Bb7+ Kd4 44. g5 Ng8 45. Kc2 Rg6 46. Kd2 b5 47. Rd5+ Kc4 48. Rd3 b4 49. a4 b3 50. Bd5+ Kb4 51. Rxb3+ Kxa4 52. Rb8 Rd6 53. Rxg8 Rxd5+ 54. Kc3 Rd4 55. g6 Rd6 56. g7 Rd7 57. Kc4 Rc7 58. b3+ Ka3 59. Ra8 Rxg7 60. Rxa5+ Kb2 61. Rxc5 Rg4+ 1/2-1/2

[Event "RA Summer Pickup #1"]
[Site "Ottawa CAN"]
[Date "1998.04.30"]
[Round "1"]
[White "Marshall, Peter"]
[Black "Pacey, Kevin"]
[Result "1-0"]
[WhiteElo "2168"]
[BlackElo "2315"]
[PlyCount "77"]
[GameId "2160767911873443"]
[EventDate "1998.04.30"]
[EventType "swiss"]
[EventRounds "6"]
[EventCountry "CAN"]

1. c4 e6 2. Nc3 d5 3. d4 Nf6 4. Nf3 Be7 5. Bf4 O-O 6. e3 c5 7. Rc1 cxd4 8. exd4 Ne4 9. c5 Nc6 10. Bd3 f5 11. h4 a6 12. a3 Bf6 13. Na4 Ra7 14. Nb6 Qe8 15. Bb1 Kh8 16. b4 Bxd4 17. Nxd4 e5 18. Nxc6 exf4 19. Nxa7 Nc3+ 20. Kd2 Nxd1 21. Rcxd1 Be6 22. Rhe1 Qf7 23. Ba2 Qf6 24. Re2 f3 25. gxf3 f4 26. Nxd5 Bxd5 27. Bxd5 Qb2+ 28. Ke1 Qxa3 29. Rb1 Qc3+ 30. Kf1 Qd3 31. Be4 Qd7 32. c6 bxc6 33. Nxc6 Qh3+ 34. Ke1 Qxh4 35. Rd1 Qg5 36. Red2 h5 37. Rd8 Rg8 38. R8d5 Qh6 39. Ne5 1-0

[Event "RA Summer Pickup #1"]
[Site "Ottawa CAN"]
[Date "1998.05.07"]
[Round "2"]
[White "Valdizon, Armando"]
[Black "Pacey, Kevin"]
[Result "1/2-1/2"]
[WhiteElo "2303"]
[BlackElo "2315"]
[PlyCount "45"]
[GameId "2160767911873444"]
[EventDate "1998.04.30"]
[EventType "swiss"]
[EventRounds "6"]
[EventCountry "CAN"]

1. d4 e6 2. c4 Nf6 3. Nc3 d5 4. Bg5 Be7 5. Nf3 O-O 6. e3 Nbd7 7. Rc1 c6 8. Qc2 h6 9. Bh4 Re8 10. Bd3 c5 11. O-O cxd4 12. exd4 dxc4 13. Bxc4 a6 14. a4 Nb6 15. Ba2 Nbd5 16. Bb1 Nb4 17. Qe2 Nh5 18. Bxe7 Qxe7 19. Ne5 Nf6 20. Ne4 Nbd5 21. Rfd1 Rd8 22. Nxf6+ Nxf6 23. Rc3 1/2-1/2

[Event "RA Summer Pickup #1"]
[Site "Ottawa CAN"]
[Date "1998.05.14"]
[Round "3"]
[White "Pacey, Kevin"]
[Black "Patterson, Roger"]
[Result "1/2-1/2"]
[WhiteElo "2315"]
[BlackElo "2185"]
[PlyCount "75"]
[GameId "2160767911873445"]
[EventDate "1998.04.30"]
[EventType "swiss"]
[EventRounds "6"]
[EventCountry "CAN"]

1. e4 e5 2. Nf3 Nc6 3. Bc4 Nf6 4. d4 exd4 5. Ng5 d5 6. exd5 Ne5 7. Qe2 Qe7 8. d6 cxd6 9. O-O d5 10. Bb5+ Nc6 11. Re1 Qxe2 12. Rxe2+ Be7 13. Bf4 Kf8 14. Nd2 h6 15. Ngf3 g5 16. Bg3 Bf5 17. Bxc6 bxc6 18. Nxd4 Bd7 19. Rae1 Bc5 20. N4b3 Bb6 21. c4 Kg7 22. c5 Bd8 23. Be5 Re8 24. Bc3 Rxe2 25. Rxe2 Kf8 26. Re1 Ne8 27. Nf3 f6 28. Nfd4 Kf7 29. Ba5 Be7 30. Bb4 Ng7 31. Na5 Rc8 32. a3 Nf5 33. Nc2 Bd8 34. Nb3 Bc7 35. Bc3 Ne7 36. Nb4 Ng6 37. Nd4 Be5 38. Re3 1/2-1/2

[Event "RA Summer Pickup #1"]
[Site "Ottawa CAN"]
[Date "1998.05.21"]
[Round "4"]
[White "Pacey, Kevin"]
[Black "Collins, Chris"]
[Result "1-0"]
[WhiteElo "2315"]
[BlackElo "2174"]
[PlyCount "79"]
[GameId "2160767911873446"]
[EventDate "1998.04.30"]
[EventType "swiss"]
[EventRounds "6"]
[EventCountry "CAN"]

1. d4 Nf6 2. c4 g6 3. Nc3 Bg7 4. Nf3 O-O 5. e3 d6 6. Be2 Nc6 7. d5 Ne5 8. Nxe5 dxe5 9. e4 e6 10. O-O exd5 11. cxd5 Ne8 12. Be3 Nd6 13. f3 f5 14. Qc2 Rf7 15. a4 Bf8 16. b4 f4 17. Bf2 g5 18. Rfb1 h5 19. Kh1 g4 20. Qd1 Qg5 21. Ra2 Rg7 22. Bf1 g3 23. Bg1 Nf7 24. Nb5 Bd6 25. Rc1 Nh6 26. Nxd6 cxd6 27. Rc3 Qh4 28. Qc1 Bd7 29. Rc7 Ng4 30. fxg4 gxh2 31. Bf2 Qxg4 32. Ra3 Rf8 33. Rf3 Qg6 34. Qc2 Kh8 35. Rxb7 Bg4 36. Rxg7 Qxg7 37. Kxh2 Bxf3 38. gxf3 Qb7 39. Qb2 Rc8 40. b5 1-0

[Event "RA Summer Pickup #1"]
[Site "Ottawa CAN"]
[Date "1998.05.28"]
[Round "5"]
[White "Djerkovic, Miladin"]
[Black "Pacey, Kevin"]
[Result "1/2-1/2"]
[WhiteElo "2392"]
[BlackElo "2315"]
[PlyCount "53"]
[GameId "2160767911873447"]
[EventDate "1998.04.30"]
[EventType "swiss"]
[EventRounds "6"]
[EventCountry "CAN"]

1. e4 e6 2. d4 d5 3. Nc3 Bb4 4. e5 c5 5. a3 Bxc3+ 6. bxc3 Qc7 7. Qg4 Ne7 8. Qxg7 Rg8 9. Qxh7 cxd4 10. Ne2 Nbc6 11. f4 Bd7 12. Qd3 dxc3 13. Be3 Nf5 14. Bf2 d4 15. Nxd4 Ncxd4 16. Bxd4 Bc6 17. Qxc3 Nxd4 18. Qxd4 Rd8 19. Qe3 Qa5+ 20. c3 Rg4 21. Rc1 Qa4 22. c4 Qa5+ 23. Ke2 Bxg2 24. Rg1 Bxf1+ 25. Rcxf1 Qa4 26. Qc3 Rh4 27. Rg8+ 1/2-1/2

[Event "RA Summer Pickup #1"]
[Site "Ottawa CAN"]
[Date "1998.06.04"]
[Round "6"]
[White "Pacey, Kevin"]
[Black "Rodgers, Ron"]
[Result "1/2-1/2"]
[WhiteElo "2315"]
[BlackElo "2158"]
[PlyCount "59"]
[GameId "2160767911873448"]
[EventDate "1998.04.30"]
[EventType "swiss"]
[EventRounds "6"]
[EventCountry "CAN"]

1. d4 Nf6 2. c4 g6 3. Nc3 d5 4. cxd5 Nxd5 5. e4 Nxc3 6. bxc3 c5 7. Bc4 Bg7 8. Ne2 Nc6 9. Be3 cxd4 10. cxd4 Qa5+ 11. Bd2 Qa3 12. Rb1 O-O 13. d5 Ne5 14. Bb4 Qf3 15. O-O Qxe4 16. Bb5 Nd7 17. Ng3 Qh4 18. Re1 Re8 19. Qa4 Nb6 20. Qa3 Bd7 21. Bxd7 Nxd7 22. Bxe7 Qc4 23. Red1 Nb6 24. Rbc1 Qf4 25. Bc5 Red8 26. Be3 Qd6 27. Bc5 Qf4 28. Be3 Qd6 29. Bc5 Qf4 30. Be3 1/2-1/2

[Event "RA Summer Pickup #2"]
[Site "Ottawa CAN"]
[Date "1998.06.11"]
[Round "1"]
[White "Pacey, Kevin"]
[Black "Marshall, Peter"]
[Result "0-1"]
[WhiteElo "2304"]
[BlackElo "2187"]
[PlyCount "86"]
[GameId "2160767911872829"]
[EventDate "1998.07.01"]
[EventType "swiss"]
[EventRounds "6"]
[EventCountry "CAN"]

1. e4 c5 2. Nf3 Nc6 3. d4 cxd4 4. Nxd4 Nf6 5. Nc3 e5 6. Ndb5 d6 7. Bg5 a6 8. Na3 Be6 9. Nc4 Rc8 10. Ne3 Nd4 11. Bd3 Qb6 12. Bxf6 gxf6 13. Ncd5 Qxb2 14. O-O b5 15. c3 Rxc3 16. Nxc3 Qxc3 17. Nc2 Rg8 18. Nxd4 Qxd4 19. Re1 d5 20. Bxb5+ axb5 21. Qxd4 exd4 22. exd5 Bb4 23. Re4 Rg4 24. f4 f5 25. Re5 Bd6 26. Ree1 Bxf4 27. dxe6 Be3+ 28. Kh1 fxe6 29. Rab1 Kd7 30. Rxb5 Kc6 31. Rb3 Rg7 32. g3 Ra7 33. Re2 Kd5 34. Kg2 Ke4 35. Rb4 Ra3 36. Reb2 e5 37. Kf1 Kf3 38. R4b3 Ra7 39. Rb7 Ra6 40. R7b6 Rxb6 41. Rxb6 d3 42. Rd6 d2 43. a4 Bd4 0-1

[Event "RA Summer Pickup #2"]
[Site "Ottawa CAN"]
[Date "1998.06.18"]
[Round "2"]
[White "Collins, Chris"]
[Black "Pacey, Kevin"]
[Result "1/2-1/2"]
[WhiteElo "2209"]
[BlackElo "2304"]
[PlyCount "59"]
[GameId "2160767911872830"]
[EventDate "1998.07.01"]
[EventType "swiss"]
[EventRounds "6"]
[EventCountry "CAN"]

1. d4 Nf6 2. Nf3 d5 3. c4 e6 4. Nc3 Be7 5. cxd5 exd5 6. Bf4 O-O 7. e3 c5 8. Bd3 Nc6 9. a3 Bg4 10. Be5 cxd4 11. Bxd4 Nxd4 12. exd4 Qb6 13. O-O Bxf3 14. Qxf3 Rad8 15. Rfd1 Kh8 16. b4 a5 17. Na4 Qxd4 18. Bxh7 Qg4 19. Qxg4 Nxg4 20. Bf5 Nh6 21. Bh3 axb4 22. axb4 Bxb4 23. Rab1 b5 24. Rxb4 bxa4 25. Rxa4 f5 26. Rad4 Rfe8 27. g3 Re5 28. Bg2 Ng4 29. Bxd5 g6 30. h3 1/2-1/2

[Event "RA Summer Pickup #2"]
[Site "Ottawa CAN"]
[Date "1998.06.25"]
[Round "3"]
[White "Pacey, Kevin"]
[Black "Sarkar, Prosanto"]
[Result "1-0"]
[WhiteElo "2304"]
[BlackElo "2248"]
[PlyCount "115"]
[GameId "2160767911872831"]
[EventDate "1998.07.01"]
[EventType "swiss"]
[EventRounds "6"]
[EventCountry "CAN"]

1. d4 Nf6 2. Nc3 d5 3. Bg5 Nbd7 4. f3 h6 5. Bh4 c6 6. e4 g5 7. Bf2 e6 8. h4 gxh4 9. Bxh4 Qb6 10. a3 a5 11. Nh3 a4 12. Ra2 Ra5 13. Be2 dxe4 14. fxe4 Rg8 15. e5 Nd5 16. Nxd5 Rxd5 17. Bf2 Nxe5 18. O-O Ng6 19. c4 Rf5 20. Bf3 Qb3 21. Qxb3 axb3 22. Raa1 Bd6 23. Be4 Rh5 24. Be3 f5 25. Bf3 Rh4 26. Kf2 Nf4 27. Nxf4 Bxf4 28. Bxf4 Rxf4 29. Ke3 Rh4 30. Rh1 Rxh1 31. Rxh1 Rh8 32. Bd1 Ke7 33. Bxb3 Kf6 34. Kf4 Rd8 35. Rd1 Bd7 36. Rh1 Rh8 37. Bd1 Be8 38. b4 Bf7 39. Bf3 Rd8 40. Rd1 Be8 41. Rd3 Ra8 42. g3 Bd7 43. Rc3 Be8 44. Rd3 Bd7 45. c5 Be8 46. Bd1 Bg6 47. a4 Be8 48. Bb3 Bd7 49. Re3 Rg8 50. Bd1 Ra8 51. a5 Rd8 52. Rd3 Be8 53. Bf3 Ra8 54. Rd2 Rd8 55. b5 cxb5 56. Bxb7 Bd7 57. a6 Bc8 58. c6 1-0

[Event "RA Summer Pickup #2"]
[Site "Ottawa CAN"]
[Date "1998.07.02"]
[Round "4"]
[White "Djerkovic, Miladin"]
[Black "Pacey, Kevin"]
[Result "1/2-1/2"]
[WhiteElo "2354"]
[BlackElo "2305"]
[PlyCount "126"]
[GameId "2160767911872832"]
[EventDate "1998.07.01"]
[EventType "swiss"]
[EventRounds "6"]
[EventCountry "CAN"]

1. e4 e5 2. Nf3 Nc6 3. Bb5 a6 4. Ba4 Nf6 5. O-O Be7 6. Re1 b5 7. Bb3 d6 8. c3 O-O 9. h3 Na5 10. Bc2 c5 11. d4 Nc6 12. Nbd2 cxd4 13. cxd4 Bd7 14. Nb3 Rc8 15. Bd2 exd4 16. Nfxd4 Nxd4 17. Nxd4 Qb6 18. Be3 Qb7 19. Qd3 Rfe8 20. Bg5 g6 21. f4 Nh5 22. Bxe7 Rxe7 23. f5 Qb6 24. Kh2 Qc5 25. Bb3 Qe5+ 26. g3 Kg7 27. Rad1 Bc6 28. Bd5 Bxd5 29. exd5 Qf6 30. Rxe7 Qxe7 31. Nc6 Qf6 32. Qd4 Qxd4 33. Rxd4 Nf6 34. a4 Nxd5 35. Rxd5 Rxc6 36. axb5 axb5 37. Rxb5 Rc2+ 38. Kg1 Kf6 39. g4 Rd2 40. b4 d5 41. Rb7 gxf5 42. gxf5 d4 43. Rd7 d3 44. Kf1 h5 45. Ke1 Re2+ 46. Kf1 Rd2 47. Ke1 Rb2 48. Rxd3 Rxb4 49. Kf2 Kxf5 50. Rd5+ Kf4 51. Rxh5 Rb2+ 52. Kg1 f5 53. h4 Ke4 54. Rh8 f4 55. Ra8 Kf3 56. h5 Rg2+ 57. Kh1 Rg5 58. Ra3+ Kg4 59. Kg2 Rxh5 60. Ra8 f3+ 61. Kf2 Rh2+ 62. Kg1 Rg2+ 63. Kf1 Rh2 1/2-1/2

[Event "RA Summer Pickup #2"]
[Site "Ottawa CAN"]
[Date "1998.07.30"]
[Round "6"]
[White "Rodgers, Ron"]
[Black "Pacey, Kevin"]
[Result "0-1"]
[WhiteElo "2112"]
[BlackElo "2309"]
[PlyCount "56"]
[GameId "2160767911872833"]
[EventDate "1998.07.01"]
[EventType "swiss"]
[EventRounds "6"]
[EventCountry "CAN"]

1. c4 e6 2. g3 d5 3. Nf3 Nf6 4. Bg2 Be7 5. O-O O-O 6. b3 c5 7. Bb2 Nc6 8. e3 b6 9. cxd5 Nxd5 10. d4 Ba6 11. Re1 Bf6 12. a3 cxd4 13. Nxd4 Ne5 14. Be4 Rc8 15. Qd2 Qe7 16. Nc3 Nxc3 17. Bxc3 Rfd8 18. Rac1 Bb7 19. Bxb7 Qxb7 20. Qe2 h5 21. f4 Ng4 22. h3 Nxe3 23. Nb5 Bxc3 24. Rxc3 Rxc3 25. Nxc3 Nf5 26. Kh2 Nd4 27. Qe4 Nf3+ 28. Kh1 Rd2 0-1

[Event "RA Summer Pickup #2"]
[Site "Ottawa CAN"]
[Date "1998.08.06"]
[Round "7"]
[White "Patterson, Roger"]
[Black "Pacey, Kevin"]
[Result "0-1"]
[WhiteElo "2215"]
[BlackElo "2309"]
[PlyCount "60"]
[GameId "2160767911872834"]
[EventDate "1998.07.01"]
[EventType "swiss"]
[EventRounds "6"]
[EventCountry "CAN"]

1. e4 e6 2. d4 d5 3. Nc3 Bb4 4. e5 c5 5. a3 Bxc3+ 6. bxc3 Qc7 7. Nf3 b6 8. Bb5+ Bd7 9. Bd3 Ba4 10. O-O Nd7 11. Ng5 Nf8 12. f4 h6 13. Nh3 c4 14. Be2 Ne7 15. Bg4 Nf5 16. Be2 Ne7 17. Be3 O-O-O 18. Bf2 Nh7 19. Bh4 f5 20. Qb1 g5 21. fxg5 Ng6 22. Qe1 Nxh4 23. Qxh4 hxg5 24. Nxg5 Nxg5 25. Qxg5 Qh7 26. Qf4 Bxc2 27. Rf3 Rdg8 28. Rf2 Be4 29. Ra2 Qh3 30. g3 Rxg3+ 0-1

[Event "RA Summer Pickup #2"]
[Site "Ottawa CAN"]
[Date "1998.08.13"]
[Round "8"]
[White "Pacey, Kevin"]
[Black "De Kerpel, Stijn"]
[Result "1/2-1/2"]
[WhiteElo "2309"]
[BlackElo "2007"]
[PlyCount "98"]
[GameId "2160767911872835"]
[EventDate "1998.07.01"]
[EventType "swiss"]
[EventRounds "6"]
[EventCountry "CAN"]

1. e4 e6 2. d4 d5 3. Nc3 Bb4 4. e5 c5 5. a3 Bxc3+ 6. bxc3 Qc7 7. Nf3 Ne7 8. Bd3 h6 9. O-O b6 10. dxc5 bxc5 11. Rb1 O-O 12. Re1 Bd7 13. c4 Nbc6 14. Bd2 Rab8 15. Rxb8 Rxb8 16. Qc1 dxc4 17. Bxc4 Ng6 18. Bc3 Nce7 19. h4 Bc6 20. h5 Nf8 21. Nh2 Qb7 22. Bf1 Rd8 23. Ng4 Nf5 24. Qf4 Qe7 25. Ne3 Nxe3 26. Qxe3 Bd5 27. Rb1 Nd7 28. Ba5 Rf8 29. Bc7 Qh4 30. Bd6 Rd8 31. Be2 Qa4 32. Rb2 a6 33. c4 Bxc4 34. Rb7 Bxe2 35. Qxe2 Qd4 36. Rc7 Rb8 37. g3 Rb1+ 38. Kg2 Qd5+ 39. f3 Rb7 40. Rc8+ Kh7 41. Qc2+ g6 42. hxg6+ fxg6 43. Qc1 Nxe5 44. Bxe5 Qxe5 45. Rxc5 Qb2+ 46. Qxb2 Rxb2+ 47. Kh3 Rb6 48. Rc7+ Kg8 49. Ra7 Rd6 1/2-1/2

[Event "RA Summer Pickup #2"]
[Site "Ottawa CAN"]
[Date "1998.08.20"]
[Round "9"]
[White "Pacey, Kevin"]
[Black "Collins, Chris"]
[Result "1-0"]
[WhiteElo "2309"]
[BlackElo "2209"]
[PlyCount "71"]
[GameId "2160767911872836"]
[EventDate "1998.07.01"]
[EventType "swiss"]
[EventRounds "6"]
[EventCountry "CAN"]

1. d4 Nf6 2. Nc3 c5 3. d5 d6 4. e4 g6 5. Be2 Bg7 6. Nf3 a6 7. a4 O-O 8. O-O e6 9. dxe6 Bxe6 10. Ng5 Nc6 11. Nxe6 fxe6 12. Bc4 Nd4 13. Bg5 b5 14. Ba2 h6 15. Bh4 g5 16. Bg3 b4 17. Ne2 Nxe4 18. Nxd4 Bxd4 19. Qd3 d5 20. c3 bxc3 21. bxc3 Bxc3 22. Rab1 Qf6 23. Rb7 c4 24. Bxc4 Qf5 25. Bxa6 Rxa6 26. Qxa6 Nc5 27. Qc6 Nxb7 28. Qxc3 Qe4 29. Qc7 Rf7 30. Qb8+ Kh7 31. Be5 Qf5 32. Qh8+ Kg6 33. Qg8+ Kh5 34. h3 Rf8 35. Qg7 Rf7 36. g4+ 1-0

[Event "RA Summer Pickup #2"]
[Site "Ottawa CAN"]
[Date "1998.08.27"]
[Round "10"]
[White "Palsson, Halldor"]
[Black "Pacey, Kevin"]
[Result "1/2-1/2"]
[WhiteElo "2217"]
[BlackElo "2309"]
[PlyCount "74"]
[GameId "2160767911872837"]
[EventDate "1998.07.01"]
[EventType "swiss"]
[EventRounds "6"]
[EventCountry "CAN"]

1. d4 Nf6 2. c4 e6 3. Nc3 c5 4. d5 exd5 5. cxd5 d6 6. Nf3 g6 7. Nd2 Bg7 8. Nc4 O-O 9. Bf4 Ne8 10. e3 b6 11. Be2 Ba6 12. a4 Bxc4 13. Bxc4 a6 14. O-O Qe7 15. Qd2 Nd7 16. Rfe1 Ne5 17. Bf1 Nc7 18. e4 Rfe8 19. Bg3 f6 20. f4 Nf7 21. Bc4 Qd7 22. Qd3 Kf8 23. Qf1 f5 24. exf5 Rxe1 25. Rxe1 gxf5 26. Bh4 Bd4+ 27. Kh1 Re8 28. Rxe8+ Qxe8 29. Qd3 Qe3 30. Qxe3 Bxe3 31. g3 Bd4 32. Kg2 Bxc3 33. bxc3 b5 34. axb5 axb5 35. Bd3 Nxd5 36. Bxb5 Nxc3 37. Bd7 Nd5 1/2-1/2

[Event "RA Summer op"]
[Site "Ottawa CAN"]
[Date "1998.06.13"]
[Round "1"]
[White "Pacey, Kevin"]
[Black "Fortin, Marc"]
[Result "1-0"]
[WhiteElo "2304"]
[BlackElo "2003"]
[PlyCount "51"]
[GameId "2160767911872875"]
[EventDate "1998.06.13"]
[EventType "swiss"]
[EventRounds "5"]
[EventCountry "CAN"]

1. d4 d5 2. Nc3 Bf5 3. f3 e6 4. e4 Bg6 5. Be3 Bb4 6. h4 h6 7. Bd3 Ne7 8. Nge2 Nd7 9. h5 Bh7 10. a3 Bxc3+ 11. Nxc3 Nb6 12. Qe2 Nc6 13. O-O-O Qd7 14. exd5 Nxd5 15. Nxd5 Qxd5 16. Bc4 Qa5 17. d5 Nd8 18. dxe6 fxe6 19. Rxd8+ Kxd8 20. Bxe6 Qe5 21. Rd1+ Ke7 22. Bb3 Kf8 23. Rd7 Bg8 24. f4 Qa5 25. Bd4 Rh7 26. Qe7# 1-0

[Event "RA Summer op"]
[Site "Ottawa CAN"]
[Date "1998.06.13"]
[Round "2"]
[White "O'Donnell, Tom"]
[Black "Pacey, Kevin"]
[Result "1/2-1/2"]
[WhiteElo "2439"]
[BlackElo "2304"]
[PlyCount "84"]
[GameId "2160767911872876"]
[EventDate "1998.06.13"]
[EventType "swiss"]
[EventRounds "5"]
[EventCountry "CAN"]

1. e4 e6 2. d4 d5 3. Nd2 Nc6 4. Ngf3 Nf6 5. e5 Nd7 6. Bb5 a6 7. Bxc6 bxc6 8. O-O c5 9. c3 Be7 10. Nb3 a5 11. Nxc5 Nxc5 12. dxc5 Bxc5 13. Qa4+ Qd7 14. Qg4 Bf8 15. h4 Ba6 16. Re1 Bd3 17. h5 h6 18. Bf4 c5 19. b3 g5 20. hxg6 fxg6 21. Qg3 g5 22. Bd2 Bh7 23. Nh2 Bg7 24. Ng4 O-O 25. f4 h5 26. Nf6+ Bxf6 27. exf6 g4 28. Re5 Bf5 29. Qh4 Qf7 30. Qg5+ Kh7 31. Rae1 Qxf6 32. Qxh5+ Qh6 33. Qxh6+ Kxh6 34. c4 dxc4 35. bxc4 Rfd8 36. Be3 Rac8 37. g3 Rd3 38. Kf2 Ra3 39. Rxc5 Rxc5 40. Bxc5 Rxa2+ 41. Re2 Ra4 42. Bb6 Rxc4 1/2-1/2

[Event "RA Summer op"]
[Site "Ottawa CAN"]
[Date "1998.06.14"]
[Round "4"]
[White "Pacey, Kevin"]
[Black "Apostolov, Penka"]
[Result "1-0"]
[WhiteElo "2304"]
[BlackElo "2054"]
[PlyCount "89"]
[GameId "2160767911872878"]
[EventDate "1998.06.13"]
[EventType "swiss"]
[EventRounds "5"]
[EventCountry "CAN"]

1. d4 c5 2. d5 Nf6 3. Nc3 g6 4. e4 d6 5. Nf3 Bg7 6. Be2 Bg4 7. Nd2 Bxe2 8. Qxe2 O-O 9. O-O Na6 10. Nc4 Nc7 11. a4 b6 12. Bg5 Qd7 13. Rfd1 b5 14. axb5 Nxb5 15. Nxb5 Qxb5 16. Ra5 Qb7 17. Rd3 Rfb8 18. Ra2 Qc7 19. Rda3 Ne8 20. Ra6 Rb4 21. Bd2 Rb7 22. b3 Qb8 23. Na5 Rb6 24. Nc6 Rxa6 25. Qxa6 Qc7 26. Ra5 Qd7 27. Nxa7 Qg4 28. f3 Bd4+ 29. Kh1 Qh4 30. Qe2 Be5 31. g4 h5 32. gxh5 Qxh5 33. Nc6 Rxa5 34. Bxa5 Qg5 35. Bd2 Qf6 36. Nxe5 Qxe5 37. Qe3 Nc7 38. c3 Qh5 39. Kg2 e6 40. c4 exd5 41. exd5 Qe5 42. Qxe5 dxe5 43. b4 cxb4 44. Bxb4 f5 45. Bd6 1-0

[Event "RA Summer op"]
[Site "Ottawa CAN"]
[Date "1998.06.14"]
[Round "5"]
[White "Marshall, Peter"]
[Black "Pacey, Kevin"]
[Result "1/2-1/2"]
[WhiteElo "2187"]
[BlackElo "2304"]
[PlyCount "54"]
[GameId "2160767911872879"]
[EventDate "1998.06.13"]
[EventType "swiss"]
[EventRounds "5"]
[EventCountry "CAN"]

1. d4 Nc6 2. Nf3 d5 3. c4 Bg4 4. e3 e6 5. b3 Bb4+ 6. Bd2 Bxd2+ 7. Nbxd2 Nge7 8. Bd3 Bf5 9. Qe2 O-O 10. O-O a6 11. Rfd1 Bg6 12. Rac1 Nf5 13. Bxf5 Bxf5 14. Ne1 Qf6 15. a3 Rfd8 16. b4 Qe7 17. Rc3 e5 18. cxd5 Rxd5 19. Qf3 exd4 20. Qxd5 Be6 21. Qc5 dxc3 22. Qxc3 Rd8 23. Rc1 Bd5 24. Ndf3 Rd7 25. h3 Bxf3 26. Nxf3 Qd6 27. Rc2 Qd1+ 1/2-1/2

[Event "RA Winter op"]
[Site "Ottawa CAN"]
[Date "1998.01.10"]
[Round "1"]
[White "Pacey, Kevin"]
[Black "Kirby, Patrick"]
[Result "1-0"]
[WhiteElo "2321"]
[BlackElo "2066"]
[PlyCount "69"]
[GameId "2160767911874065"]
[EventDate "1998.01.10"]
[EventType "swiss"]
[EventRounds "5"]
[EventCountry "CAN"]

1. d4 d5 2. e3 Nf6 3. Bd3 g6 4. Nd2 Bg7 5. f4 O-O 6. Ngf3 b6 7. O-O c5 8. c3 Ba6 9. Bxa6 Nxa6 10. Qe2 Nc7 11. b3 Nce8 12. Bb2 Nd6 13. Rac1 Nde4 14. Nxe4 Nxe4 15. Rfd1 e6 16. c4 Qd6 17. dxc5 bxc5 18. Bxg7 Kxg7 19. Qb2+ Kg8 20. Ne5 Rfd8 21. cxd5 exd5 22. Nd3 Qb6 23. Nf2 f5 24. Nxe4 fxe4 25. Qe5 Qc6 26. Rc2 Rd6 27. Rdc1 c4 28. bxc4 dxc4 29. Rxc4 Rd1+ 30. Kf2 Rd2+ 31. Ke1 Qd7 32. Rc7 Re2+ 33. Kf1 Rf2+ 34. Kxf2 Qd2+ 35. Kg1 1-0